| 000 | 00365nam a22001457a 4500 | ||
|---|---|---|---|
| 005 | 20250614100035.0 | ||
| 008 | 250614b |||||||| |||| 00| 0 eng d | ||
| 020 | _a9780917006258 | ||
| 050 |
_aBS430 _bSPU |
||
| 100 | _aSPURGEON H. CHARLES | ||
| 245 | _aTHE TREASURY OF DAVID | ||
| 260 |
_aUSA _bHENDRICKSON PUBLISHERS _c1961 |
||
| 300 | _a479p | ||
| 942 |
_2lcc _cBK _n0 |
||
| 999 |
_c6465 _d6465 |
||